| 000 | 00679nam a2200229 4500 | ||
|---|---|---|---|
| 003 | OSt | ||
| 005 | 20240722024728.0 | ||
| 006 | a | ||
| 008 | 240722b |||||||| |||| 00| 0 eng d | ||
| 020 | _a9780071267809 | ||
| 040 |
_aDWCL-Main lib. _cOC |
||
| 082 |
_2Fourth edition _aCirc. 657.3 P411f 2010 |
||
| 100 | _aPenman, Stephen H. | ||
| 245 | _aFinancial statement analysis and security valuation / | ||
| 250 | _aFourth edition | ||
| 260 |
_aBoston : _bMcGraw-Hill, _cc2010. |
||
| 300 |
_axxiv, _b754 p. : ill. ; _c26 cm. |
||
| 504 | _aIncludes index. | ||
| 650 | _a1. Financial statements. | ||
| 650 | _a2. Accounting. | ||
| 942 |
_2ddc _n0 _cBK-CIRC _eFourth edition _kCirc. |
||
| 999 |
_c2497 _d2497 |
||